[Event "IECG CF.2003.0.00052 email"]
[Site "IECG email"]
[Date "2003.09.21"]
[Round "1"]
[White "Nittschalk, Karl"]
[Black "Goncalves, Joelmar"]
[Result "1-0"]
[WhiteElo "1195"]
[BlackElo "800"]
[PlyCount "49"]
[EventDate "2003.09.21"]
[EventType "tourn (corr)"]
[EventRounds "6"]
[SourceTitle "Corr 2008"]
[Source "ChessBase"]
[SourceDate "2008.06.24"]
[SourceVersion "1"]
[SourceVersionDate "2008.06.24"]
[SourceQuality "1"]

1. d4 Nf6 2. c4 e6 3. Nc3 Bb4 4. a3 Bxc3+ 5. bxc3 b6 6. f3 Ba6 7. e4 Nc6 8. e5 Ng8 9. Bd3 Na5 10. Qa4 Qh4+ 11. g3 Qe7 12. Ne2 0-0-0 13. Rb1 d5 14. Kf2 dxc4 15. Be4 Qd7 16. Qxd7+ Rxd7 17. Bc2 Ne7 18. Ba4 c6 19. Nf4 g6 20. Rb2 Rc7 21. Be3 Nb7 22. Rd1 h6 23. h3 g5 24. Ne2 Nd5 25. Bc2 1-0

[Event "IECG CN.2002.0.00281 email"]
[Site "IECG email"]
[Date "2002.02.13"]
[Round "?"]
[White "Goncalves, Joelmar"]
[Black "Wood, Brian B"]
[Result "1-0"]
[WhiteElo "800"]
[BlackElo "890"]
[PlyCount "75"]
[EventDate "2002.02.13"]
[EventType "tourn (corr)"]
[EventRounds "6"]
[SourceTitle "Corr 2008"]
[Source "ChessBase"]
[SourceDate "2008.06.24"]
[SourceVersion "1"]
[SourceVersionDate "2008.06.24"]
[SourceQuality "1"]

1. e4 c5 2. Nf3 e6 3. d4 cxd4 4. Nxd4 Nc6 5. Bb5 Bc5 6. Nxc6 bxc6 7. Bd3 d6 8. 0-0 Nf6 9. Qf3 e5 10. Bg5 Rb8 11. Nd2 0-0 12. Nc4 Be6 13. b3 Bd4 14. Rad1 d5 15. Ne3 Bxe3 16. fxe3 Bg4 17. Qg3 Nxe4 18. Bxe4 Qxg5 19. Bf5 h5 20. h3 Qxf5 21. Rxf5 Bxf5 22. Qxe5 g6 23. c3 Rfe8 24. Qd6 Rbd8 25. Qc5 Rc8 26. b4 Be6 27. a4 Rc7 28. a5 Ree7 29. Qd4 f5 30. Qf6 Kh7 31. c4 Bf7 32. b5 dxc4 33. Rd8 Re8 34. b6 axb6 35. axb6 Rb7 36. Qxc6 Ree7 37. Rc8 Kg7 38. Rc7 1-0

[Event "IECG CN.2002.0.00281 email"]
[Site "IECG email"]
[Date "2002.02.13"]
[Round "?"]
[White "Hughes, Stephen J"]
[Black "Goncalves, Joelmar"]
[Result "1/2-1/2"]
[WhiteElo "800"]
[BlackElo "800"]
[PlyCount "75"]
[EventDate "2002.02.13"]
[EventType "tourn (corr)"]
[EventRounds "6"]
[SourceTitle "Corr 2008"]
[Source "ChessBase"]
[SourceDate "2008.06.24"]
[SourceVersion "1"]
[SourceVersionDate "2008.06.24"]
[SourceQuality "1"]

1. Nf3 Nf6 2. g3 b6 3. Bg2 Bb7 4. 0-0 e6 5. d3 d5 6. Nbd2 Nbd7 7. b3 Be7 8. Bb2 c5 9. Re1 0-0 10. e4 dxe4 11. Nxe4 Qc7 12. Qe2 Rac8 13. c4 h6 14. Rad1 Rfd8 15. Nxf6+ Bxf6 16. d4 cxd4 17. Nxd4 Bxg2 18. Kxg2 Qb7+ 19. f3 a6 20. Rd2 Nc5 21. Red1 Bg5 22. Rc2 Rd7 23. h4 Be7 24. Rcd2 Rcd8 25. Bc3 Qc7 26. Qe3 Bd6 27. Ne2 a5 28. Bd4 Qc6 29. g4 Be7 30. g5 hxg5 31. hxg5 f6 32. gxf6 Bxf6 33. Bxf6 Rxd2 34. Rxd2 Rxd2 35. Qxd2 gxf6 36. Qh6 e5 37. Qg6+ Kf8 38. Nc3 1/2-1/2